00390nam a2200133Ia 450000500170000000800410001702000150005808200220007324500670009526000490016230000180021165000120022965000150024120250325011215.0240331s9999 xx 000 0 und d a812060430X bCUL23509a954.93 0aCulavamsa Being the More Recent Part of the Mahavamsa:bPart I aNew Delhi,bAsian Educational Servicesc1992 axlii, 362 p., aHistory aLiterature